Logičeskoje upravlenije informacionnymi processami

Salvato in:
Dettagli Bibliografici
Autore principale: Gorbatov, Vjačeslav Afanas'jevič
Altri autori: Pavlov, Pavel Georgijevič, Četverikov, Vladimir Nikolajevič
Natura: Libro
Lingua:russo
Pubblicazione: Moskva 1984
Tags: Aggiungi Tag
Nessun Tag, puoi essere il primo ad aggiungerne!!

MARC

LEADER 00000nam a2200000 4500
001 c107053
005 20041019155138.9
041 0 |a rus 
044 |a RU 
245 1 0 |a Logičeskoje upravlenije informacionnymi processami  |c Vjačeslav Afanas'jevič Gorbatov, Pavel Georgijevič Pavlov, Vladimir Nikolajevič Četverikov 
264 1 |a Moskva  |c 1984 
300 |a 303 s. 
100 1 |a Gorbatov, Vjačeslav Afanas'jevič 
700 1 |a Pavlov, Pavel Georgijevič 
700 1 |a Četverikov, Vladimir Nikolajevič